| 000 | 00567nam a2200217 a 4500 | ||
|---|---|---|---|
| 001 | 0001-2176 | ||
| 003 | ELIB.Books | ||
| 008 | 190802 2010 eng | ||
| 020 | _a0525945245 | ||
| 092 |
_a305.8 _bRob |
||
| 100 | _aRobinson, Randall. | ||
| 245 |
_aThe Debt _bWhat America Owes to Blacks |
||
| 260 |
_aNew York _bA Plume Book _c2000 |
||
| 300 |
_a262 _c20.5cm |
||
| 650 | _aUS- Race Relations | ||
| 856 |
_nKBTS Library _uKBTS Elib |
||
| 942 |
_2ddc _cBK |
||
| 990 | _a1 | ||
| 998 |
_aEnglishbooks.elf _ccat _e2019-08-02 |
||
| 999 |
_c12176 _d12176 |
||